Ke arah hidup tenteram dan bahagia = how to stop worrying and start living

Bibliographic Details
Main Author: Carnegie, Dale, , 1888-1955
Format: Book
Published: Kuala Lumpur : Golden Books Centre, , 1995
Subjects:

MARC

LEADER 00000cam a2200000 7i4500
001 0000003318
005 20050823.0
020 0 0 |a 983720141X 
090 0 0 |a 158.1   |b CAR 
100 1 0 |a Carnegie, Dale, ,   |d 1888-1955 
245 1 0 |a Ke arah hidup tenteram dan bahagia = how to stop worrying and start living   |c Dale Carnegie 
260 0 0 |a Kuala Lumpur :   |b Golden Books Centre, ,   |c 1995 
300 |a xix, 427ms. ;   |c 22cm. 
500 0 0 |a Terjemahan dari: How to stop worrying and start living 
650 0 0 |a Conduct of life 
650 0 0 |a Success 
650 0 0 |a Worry 
999 |a 0000006330   |b Monograph   |c Open Shelf   |e Default branch